[Event "Reykjavik Taflfelag op"]
[Site "Reykjavik"]
[Date "2019.11.20"]
[Round "6"]
[White "Sigurdarson, Emil"]
[Black "Fridthjofsdottir, Sigurlaug Regina"]
[Result "0-1"]
[WhiteElo "1935"]
[BlackElo "1677"]
[PlyCount "140"]
[EventDate "2019.10.16"]
[EventType "swiss"]
[EventRounds "7"]
[EventCountry "ISL"]
[SourceTitle "CBM 193 Extra"]
[Source "ChessBase"]
[SourceDate "2020.01.31"]
[SourceVersion "1"]
[SourceVersionDate "2020.01.31"]
[SourceQuality "1"]

1. d4 Nf6 2. Nf3 e6 3. c4 b6 4. g3 Ba6 5. Qc2 d5 6. Bg2 Bxc4 7. Ne5 Bb5 8. Na3 Bxa3 9. bxa3 0-0 10. a4 Bd7 11. Ba3 Re8 12. Rc1 Na6 13. Nc6 Bxc6 14. Qxc6 Qd7 15. 0-0 Rac8 16. Rfd1 Qxc6 17. Rxc6 Nb8 18. Rc2 h6 19. Rdc1 c6 20. e3 Nfd7 21. e4 dxe4 22. Bxe4 Nf6 23. Bg2 Red8 24. Rc4 Rd7 25. R1c2 Rcd8 26. Bb2 Nd5 27. Kf1 b5 28. axb5 cxb5 29. Rc8 Na6 30. a3 Rxc8 31. Rxc8+ Kh7 32. Be4+ g6 33. Bd3 Nac7 34. Ke2 a6 35. h4 Nb6 36. Rb8 Ncd5 37. h5 Kg7 38. hxg6 fxg6 39. Re8 Kf7 40. Rh8 Kg7 41. Re8 Kf7 42. Rb8 Rc7 43. Kd2 Nc4+ 44. Bxc4 bxc4 45. Bc3 Rc6 46. Kc2 Kf6 47. Bd2 h5 48. Rf8+ Kg7 49. Rb8 Rb6 50. Rxb6 Nxb6 51. Kc3 Kf6 52. Kb4 Kf5 53. Kc5 c3 54. Bxc3 Na4+ 55. Kc4 Nxc3 56. Kxc3 g5 57. Kd3 h4 58. gxh4 gxh4 59. Ke2 Kf4 60. Kf1 Kf3 61. Kg1 h3 62. Kh2 Kxf2 63. Kxh3 Kf3 64. a4 a5 65. Kh4 Kf4 66. Kh3 Ke4 67. Kg2 Kxd4 68. Kf1 Ke3 69. Ke1 e5 70. Kf1 Kd2 0-1

[Event "Reykjavik Taflfelag op"]
[Site "Reykjavik"]
[Date "2019.10.23"]
[Round "2"]
[White "Larusson, Agnar Darri"]
[Black "Sigurdarson, Emil"]
[Result "0-1"]
[WhiteElo "1751"]
[BlackElo "1935"]
[PlyCount "110"]
[EventDate "2019.10.16"]
[EventType "swiss"]
[EventRounds "7"]
[EventCountry "ISL"]
[SourceTitle "CBM 193 Extra"]
[Source "ChessBase"]
[SourceDate "2020.01.31"]
[SourceVersion "1"]
[SourceVersionDate "2020.01.31"]
[SourceQuality "1"]

1. e4 c6 2. d4 d5 3. e5 Bf5 4. Ne2 e6 5. Ng3 Bg6 6. h4 h6 7. h5 Bh7 8. Bd3 Bxd3 9. Qxd3 Qc7 10. 0-0 c5 11. c3 Nc6 12. Be3 cxd4 13. cxd4 Nb4 14. Qb5+ Qc6 15. Qxc6+ Nxc6 16. Nc3 Kd7 17. f4 f6 18. exf6 Nxf6 19. f5 exf5 20. Nxf5 Re8 21. Rf3 Ne7 22. Nxh6 Ne4 23. Nf7 Rxh5 24. Ne5+ Ke6 25. Raf1 Nf5 26. Nxd5 Kxd5 27. Rxf5 Rxf5 28. Rxf5 Ng3 29. Rf7 Be7 30. Bf2 Ne2+ 31. Kf1 Nxd4 32. Bxd4 Kxd4 33. Nf3+ Kd3 34. Rxg7 Kc2 35. b4 Kb2 36. g4 Kxa2 37. g5 Kb3 38. Nd4+ Kxb4 39. Nf5 Rf8 40. Rxe7 Rxf5+ 41. Ke2 b5 42. Rxa7 Rxg5 43. Kd2 Kb3 44. Kc1 b4 45. Ra8 Rg1+ 46. Kd2 Kb2 47. Ra7 b3 48. Ra8 Rg5 49. Rd8 Rc5 50. Ra8 Rd5+ 51. Ke2 Kb1 52. Ra4 b2 53. Ra8 Kc2 54. Rc8+ Kb3 55. Rb8+ Kc3 0-1

[Event "ISL-chT2 1819"]
[Site "Reykjavik"]
[Date "2018.11.10"]
[Round "2.1"]
[White "Magnusson, Patrekur Maron"]
[Black "Sigurdarson, Emil"]
[Result "1-0"]
[WhiteElo "2059"]
[BlackElo "1972"]
[PlyCount "57"]
[EventDate "2018.11.09"]
[EventType "team-tourn"]
[EventRounds "7"]
[EventCountry "ISL"]
[SourceTitle "CBM 187 Extra"]
[Source "ChessBase"]
[SourceDate "2018.11.04"]
[SourceVersion "1"]
[SourceVersionDate "2018.11.04"]
[SourceQuality "1"]
[WhiteTeam "Hrokar alls Fagnadar"]
[BlackTeam "Skakfelag Selfoss"]
[WhiteTeamCountry "ISL"]
[BlackTeamCountry "ISL"]

1. e4 c6 2. Qe2 e5 3. Nf3 d6 4. g3 Be6 5. Bg2 Nf6 6. d4 Nbd7 7. 0-0 Be7 8. h3 Qc7 9. c4 exd4 10. Nxd4 Nb6 11. Nxe6 fxe6 12. Nc3 e5 13. a4 a5 14. Be3 0-0 15. g4 Nbd7 16. g5 Ne8 17. h4 Qd8 18. Qg4 Nc7 19. Bh3 Nc5 20. Rad1 N5e6 21. Ne2 Qe8 22. f4 exf4 23. Nxf4 Nxf4 24. Bxf4 Qg6 25. Qd7 Rf7 26. Qxc7 Bxg5 27. Qxd6 Bxf4+ 28. Qxg6 hxg6 29. Be6 1-0

[Event "ISL-chT2 1718"]
[Site "Reykjavik"]
[Date "2017.10.21"]
[Round "2.4"]
[White "Ulfsson, Olafur Evert"]
[Black "Sigurdarson, Emil"]
[Result "0-1"]
[WhiteElo "1804"]
[BlackElo "1967"]
[PlyCount "60"]
[EventDate "2017.10.20"]
[EventType "team-tourn"]
[EventRounds "7"]
[EventCountry "ISL"]
[SourceTitle "CBM 181 Extra"]
[Source "ChessBase"]
[SourceDate "2017.12.12"]
[SourceVersion "1"]
[SourceVersionDate "2017.12.12"]
[SourceQuality "1"]
[WhiteTeam "Hrokar alls Fagnadar"]
[BlackTeam "Selfoss"]
[WhiteTeamCountry "ISL"]
[BlackTeamCountry "ISL"]

1. d4 d5 2. c4 c6 3. Nc3 Nf6 4. Bf4 e6 5. e3 Bd6 6. Bxd6 Qxd6 7. Nf3 Nbd7 8. cxd5 exd5 9. Bd3 0-0 10. 0-0 Re8 11. Qc2 b6 12. Rab1 a5 13. Rfc1 Ba6 14. a4 Bxd3 15. Qxd3 Rac8 16. b3 Ne4 17. Rc2 Ndf6 18. Ne2 Nxf2 19. Kxf2 Ng4+ 20. Ke1 Nxe3 21. Rd2 Nxg2+ 22. Kf2 Ne3 23. Rg1 Re6 24. Rg3 Rce8 25. Neg1 f5 26. Re2 Qe7 27. Ne5 f4 28. Rh3 g6 29. Ke1 c5 30. Nef3 c4 0-1

[Event "Reykjavik op"]
[Site "Reykjavik"]
[Date "2014.03.11"]
[Round "9"]
[White "Sigurdarson, Emil"]
[Black "Chernukhin, Alexander"]
[Result "1/2-1/2"]
[WhiteElo "1867"]
[BlackElo "2135"]
[PlyCount "30"]
[EventDate "2014.03.04"]
[EventType "swiss"]
[EventRounds "10"]
[EventCountry "ISL"]
[SourceTitle "CBM 159 Extra"]
[Source "ChessBase"]
[SourceDate "2014.04.24"]
[SourceVersion "1"]
[SourceVersionDate "2014.04.24"]
[SourceQuality "1"]

1. e4 d5 2. exd5 Qxd5 3. Nc3 Qd6 4. d4 Nf6 5. Nf3 c6 6. g3 Bg4 7. Bg2 e6 8. 0-0 Be7 9. Bf4 Qd8 10. Qd2 Bxf3 11. Bxf3 0-0 12. Ne4 Nxe4 13. Bxe4 Nd7 14. c3 Nf6 15. Bc2 Bd6 1/2-1/2

[Event "Reykjavik op"]
[Site "Reykjavik"]
[Date "2014.03.09"]
[Round "7"]
[White "Sigurdarson, Emil"]
[Black "Thorsteinsdottir, Gudlaug"]
[Result "1-0"]
[WhiteElo "1867"]
[BlackElo "2056"]
[PlyCount "45"]
[EventDate "2014.03.04"]
[EventType "swiss"]
[EventRounds "10"]
[EventCountry "ISL"]
[SourceTitle "CBM 159 Extra"]
[Source "ChessBase"]
[SourceDate "2014.04.24"]
[SourceVersion "1"]
[SourceVersionDate "2014.04.24"]
[SourceQuality "1"]

1. e4 c5 2. Nf3 e6 3. d4 cxd4 4. Nxd4 a6 5. Nc3 Qc7 6. Be2 Nf6 7. f4 Bb4 8. Qd3 Bxc3+ 9. bxc3 Nxe4 10. 0-0 d5 11. c4 Qxc4 12. Qxe4 Qc3 13. Qe3 Qxa1 14. Ba3 Qxa2 15. Nf5 d4 16. Nxg7+ Kd8 17. Qxd4+ Nd7 18. Qa4 Qd5 19. Rd1 Qc6 20. Qa5+ b6 21. Qg5+ Kc7 22. Bf3 f6 23. Qh5 1-0

[Event "Reykjavik op"]
[Site "Reykjavik"]
[Date "2014.03.06"]
[Round "4"]
[White "Teitsson, Magnus"]
[Black "Sigurdarson, Emil"]
[Result "1-0"]
[WhiteElo "2207"]
[BlackElo "1867"]
[PlyCount "25"]
[EventDate "2014.03.04"]
[EventType "swiss"]
[EventRounds "10"]
[EventCountry "ISL"]
[SourceTitle "CBM 159 Extra"]
[Source "ChessBase"]
[SourceDate "2014.04.24"]
[SourceVersion "1"]
[SourceVersionDate "2014.04.24"]
[SourceQuality "1"]

1. e4 c6 2. d4 d5 3. e5 Bf5 4. Nf3 e6 5. Be2 h5 6. 0-0 c5 7. c4 Nc6 8. cxd5 Qxd5 9. Nc3 Qd8 10. Be3 cxd4 11. Nxd4 Nxd4 12. Bxd4 Nh6 13. Bb5+ 1-0

[Event "SCO-ch 119th"]
[Site "Glasgow"]
[Date "2012.07.11"]
[Round "5"]
[White "Emery, Keith"]
[Black "Sigurdarson, Emil"]
[Result "1/2-1/2"]
[WhiteElo "1955"]
[BlackElo "1808"]
[PlyCount "57"]
[EventDate "2012.07.07"]
[EventType "swiss"]
[EventRounds "9"]
[EventCountry "SCO"]
[SourceTitle "CBM 149 Extra"]
[Source "ChessBase"]
[SourceDate "2012.08.24"]
[SourceVersion "1"]
[SourceVersionDate "2012.08.24"]
[SourceQuality "1"]

1. e4 c6 2. Nf3 d5 3. exd5 cxd5 4. d4 Nc6 5. h3 Nf6 6. c3 Bf5 7. Bd3 Bxd3 8. Qxd3 e6 9. Qb5 Qd7 10. Bf4 Be7 11. 0-0 0-0 12. Nbd2 a6 13. Qd3 h6 14. Ne5 Nxe5 15. Bxe5 Nh7 16. Qg3 Bf6 17. Bxf6 Nxf6 18. Qe5 Rfc8 19. f4 Qc7 20. Qxc7 Rxc7 21. f5 Re8 22. fxe6 Rxe6 23. Rae1 Rce7 24. Nf3 Ne4 25. Ne5 Nd2 26. Rf2 Nc4 27. Rfe2 Nxe5 28. Rxe5 Rxe5 29. Rxe5 1/2-1/2

[Event "Reykjavik-ch"]
[Site "Reykjavik"]
[Date "2012.01.18"]
[Round "5"]
[White "Bergsson, Stefan"]
[Black "Sigurdarson, Emil"]
[Result "0-1"]
[WhiteElo "2175"]
[BlackElo "1736"]
[PlyCount "64"]
[EventDate "2012.01.08"]
[EventType "swiss"]
[EventRounds "9"]
[EventCountry "ISL"]
[SourceTitle "EXT 2014"]
[Source "ChessBase"]
[SourceDate "2013.11.20"]
[SourceVersion "1"]
[SourceVersionDate "2013.11.20"]
[SourceQuality "1"]

1. e4 c6 2. Ne2 d5 3. e5 Bf5 4. Ng3 Bg6 5. h4 h5 6. Be2 Qc7 7. d4 e6 8. Bxh5 Bxh5 9. Nxh5 c5 10. 0-0 cxd4 11. Re1 Nc6 12. c3 g6 13. Nf4 0-0-0 14. cxd4 Rxh4 15. Nc3 a6 16. b4 Bxb4 17. Qb3 Nge7 18. g3 Rh7 19. Be3 Rdh8 20. Kg2 Nf5 21. Red1 Nxe3+ 22. fxe3 Bxc3 23. Qxc3 Rh2+ 24. Kf1 Na5 25. Rac1 Nc4 26. Ng2 Qe7 27. e4 Kb8 28. Qf3 dxe4 29. Qb3 Nd2+ 30. Rxd2 Rh1+ 31. Kf2 Rxc1 32. Qb6 Qa3 0-1

[Event "Reykjavik-ch"]
[Site "Reykjavik"]
[Date "2012.01.11"]
[Round "2"]
[White "Sigurdarson, Emil"]
[Black "Kristinsson, Ogmundur"]
[Result "0-1"]
[WhiteElo "1736"]
[BlackElo "2054"]
[PlyCount "74"]
[EventDate "2012.01.08"]
[EventType "swiss"]
[EventRounds "9"]
[EventCountry "ISL"]
[SourceTitle "EXT 2014"]
[Source "ChessBase"]
[SourceDate "2013.11.20"]
[SourceVersion "1"]
[SourceVersionDate "2013.11.20"]
[SourceQuality "1"]

1. e4 e5 2. Nf3 Nc6 3. Bc4 Nf6 4. d3 Be7 5. c3 0-0 6. Nbd2 d5 7. exd5 Nxd5 8. Ne4 Bg4 9. h3 Bh5 10. Ng3 Bg6 11. 0-0 a6 12. Re1 Nb6 13. Bb3 Qxd3 14. Qxd3 Bxd3 15. Nxe5 Nxe5 16. Rxe5 Bf6 17. Rc5 c6 18. Bf4 Nd7 19. Rh5 Bg6 20. Bd6 Rfe8 21. Ra5 b6 22. Ra4 b5 23. Rf4 h5 24. Rd1 Bg5 25. Rfd4 h4 26. Nf1 Bh5 27. f3 Re2 28. Ba3 Nf8 29. Nd2 Be3+ 30. Kh1 Bxd4 31. cxd4 Rae8 32. Kg1 Ne6 33. d5 cxd5 34. Bxd5 Nf4 35. Ne4 Rxg2+ 36. Kf1 Bxf3 37. Rd4 Nxd5 0-1

[Event "Reykjavik op"]
[Site "Reykjavik"]
[Date "2011.03.15"]
[Round "8"]
[White "Sigurdarson, Emil"]
[Black "Ragnarsson, Johann Hjortur"]
[Result "0-1"]
[WhiteElo "1694"]
[BlackElo "2089"]
[PlyCount "68"]
[EventDate "2011.03.09"]
[EventType "swiss"]
[EventRounds "9"]
[EventCountry "ISL"]
[SourceTitle "CBM 141 Extra"]
[Source "ChessBase"]
[SourceDate "2011.05.03"]
[SourceVersion "1"]
[SourceVersionDate "2011.05.03"]
[SourceQuality "1"]

1. e4 c6 2. d4 d5 3. Nd2 dxe4 4. Nxe4 Bf5 5. Ng3 Bg6 6. h4 h6 7. Nf3 Nd7 8. h5 Bh7 9. Bd3 Bxd3 10. Qxd3 e6 11. Bf4 Qa5+ 12. Bd2 Bb4 13. c3 Be7 14. c4 Qc7 15. 0-0-0 Ngf6 16. Ne4 0-0 17. Rdg1 Ng4 18. Qe2 Rfd8 19. Bc3 f5 20. Ng3 Nf8 21. Re1 Bd6 22. Ne5 Nxe5 23. dxe5 Bc5 24. Rd1 Qb6 25. f3 Bf2 26. Rxd8 Rxd8 27. Nf1 Bd4 28. Bxd4 Qxd4 29. g3 Nd7 30. f4 Nc5 31. Rh2 Nd3+ 32. Kb1 Nb4 33. Ne3 Qe4+ 34. Ka1 Qxe3 0-1

[Event "Reykjavik op"]
[Site "Reykjavik"]
[Date "2011.03.14"]
[Round "7"]
[White "Klein, Gernot"]
[Black "Sigurdarson, Emil"]
[Result "0-1"]
[WhiteElo "1924"]
[BlackElo "1694"]
[PlyCount "96"]
[EventDate "2011.03.09"]
[EventType "swiss"]
[EventRounds "9"]
[EventCountry "ISL"]
[SourceTitle "CBM 141 Extra"]
[Source "ChessBase"]
[SourceDate "2011.05.03"]
[SourceVersion "1"]
[SourceVersionDate "2011.05.03"]
[SourceQuality "1"]

1. e4 c5 2. Nf3 d6 3. d4 cxd4 4. Nxd4 Nf6 5. Nc3 g6 6. Be3 Bg7 7. f3 0-0 8. Qd2 Nc6 9. Bc4 Bd7 10. h4 h5 11. 0-0-0 Rc8 12. Bb3 Ne5 13. Kb1 Nc4 14. Bxc4 Rxc4 15. b3 Rc8 16. Bg5 Nh7 17. Nd5 Nxg5 18. Qxg5 Re8 19. g4 e5 20. Qxd8 Rcxd8 21. Ne2 hxg4 22. Ng3 gxf3 23. h5 Bh8 24. Nc7 Rf8 25. Rxd6 Bg4 26. Rxd8 Rxd8 27. Nd5 g5 28. h6 Kh7 29. c4 Rd6 30. Ne3 Bc8 31. Nef5 Bxf5 32. Nxf5 Rf6 33. Kc2 Rxf5 34. exf5 e4 35. Rd1 g4 36. Kd2 Bd4 37. Ke1 Bb6 38. b4 e3 39. c5 Bc7 40. Rd6 g3 41. Rd7 g2 42. Rxf7+ Kxh6 43. Rf6+ Kh5 44. Rg6 f2+ 45. Ke2 f1Q+ 46. Kxe3 g1Q+ 47. Rxg1 Qxg1+ 48. Ke4 Qg2+ 0-1

[Event "ISL-chB"]
[Site "Mosfellsbaer"]
[Date "2010.04.06"]
[Round "5"]
[White "Sigurdarson, Emil"]
[Black "Steingrimsson, Brynjar"]
[Result "0-1"]
[WhiteElo "1641"]
[BlackElo "1463"]
[PlyCount "110"]
[EventDate "2010.03.31"]
[EventType "swiss"]
[EventRounds "9"]
[EventCountry "ISL"]
[SourceTitle "EXT 2014"]
[Source "ChessBase"]
[SourceDate "2013.11.20"]
[SourceVersion "1"]
[SourceVersionDate "2013.11.20"]
[SourceQuality "1"]

1. e4 c5 2. c3 Nc6 3. d4 cxd4 4. cxd4 e6 5. Nf3 Nf6 6. Nc3 Bb4 7. Bd3 d5 8. Bg5 h6 9. Bxf6 Qxf6 10. 0-0 Bxc3 11. bxc3 0-0 12. Re1 Bd7 13. exd5 exd5 14. Ne5 Nxe5 15. Rxe5 Be6 16. Qd2 Rac8 17. Re3 Qg5 18. Qb2 Rc7 19. Rae1 Rfc8 20. Rg3 Qf4 21. Ree3 Kh8 22. Bf1 a6 23. h3 b5 24. Re5 Rb7 25. Rf3 Qh4 26. Qd2 Rb6 27. Be2 Rbc6 28. Rg3 b4 29. cxb4 Rc2 30. Qe3 R8c3 31. Qxc3 Rxc3 32. Rxc3 Qxd4 33. Ree3 Qxb4 34. Rb3 Qe1+ 35. Kh2 Qxf2 36. Bd3 g6 37. Re2 Qf4+ 38. g3 Qd6 39. Rb7 d4 40. Ra7 Qa3 41. Bxg6 Qf3 42. Re5 Bd5 43. Rxd5 Qxd5 44. Rxf7 d3 45. Rh7+ Kg8 46. Bf7+ Qxf7 47. Rxf7 Kxf7 48. Kg2 d2 49. Kf2 d1Q 50. Ke3 Qe1+ 51. Kf3 Qh1+ 52. Kg4 h5+ 53. Kh4 Kg6 54. a4 Qe4+ 55. g4 Qe1# 0-1

[Event "Reykjavik op"]
[Site "Reykjavik"]
[Date "2010.03.02"]
[Round "8"]
[White "Thorsteinsdottir, Hallgerdur"]
[Black "Sigurdarson, Emil"]
[Result "1-0"]
[WhiteElo "1946"]
[BlackElo "1609"]
[PlyCount "143"]
[EventDate "2010.02.24"]
[EventType "swiss"]
[EventRounds "9"]
[EventCountry "ISL"]
[SourceTitle "CBM 135 Extra"]
[Source "ChessBase"]
[SourceDate "2010.05.04"]
[SourceVersion "1"]
[SourceVersionDate "2010.05.04"]
[SourceQuality "1"]

1. e4 c5 2. Nf3 d6 3. Bb5+ Bd7 4. Bxd7+ Nxd7 5. 0-0 Ngf6 6. Qe2 e6 7. b3 Be7 8. Bb2 0-0 9. c4 Qc7 10. Nc3 Rac8 11. Rad1 Rfd8 12. Kh1 a6 13. Ng5 h6 14. Nh3 Ne5 15. f4 Ng6 16. Qf3 Qc6 17. Nf2 b5 18. d3 b4 19. Ne2 a5 20. Ng4 Nxg4 21. Qxg4 a4 22. Ng3 Bf8 23. Nh5 Ra8 24. f5 exf5 25. exf5 Ne5 26. Qg3 Qc7 27. Nxg7 Bxg7 28. Bxe5 dxe5 29. f6 Kf8 30. Qxg7+ Ke8 31. Qg8+ Kd7 32. Qxf7+ Kc6 33. Qe6+ Qd6 34. Qf5 axb3 35. axb3 Ra7 36. Qe4+ Kb6 37. Qh4 Rf8 38. Rf3 Ra3 39. f7 Kc7 40. Rb1 Kd7 41. h3 Qe7 42. Qg4+ Kd8 43. Qg7 Ra7 44. Qxh6 Rxf7 45. Rxf7 Qxf7 46. Qd6+ Qd7 47. Qxc5 Qxd3 48. Re1 Rf7 49. Qd5+ Qxd5 50. cxd5 Re7 51. Re4 Kd7 52. Rxb4 Kd6 53. Rb5 e4 54. Kg1 Ke5 55. Kf2 Kd4 56. d6 Rd7 57. Ke2 Rxd6 58. h4 Rg6 59. Rg5 Rb6 60. Rg3 Rh6 61. Rh3 Rg6 62. h5 Rxg2+ 63. Kf1 Rg8 64. h6 Rh8 65. h7 Kd5 66. Ke2 Kd4 67. b4 Kc4 68. Ke3 Kxb4 69. Kxe4 Kc5 70. Ke5 Kc6 71. Kf6 Kd6 72. Kg7 1-0

[Event "Reykjavik op"]
[Site "Reykjavik"]
[Date "2010.02.25"]
[Round "2"]
[White "Scholzen, Wolfgang"]
[Black "Sigurdarson, Emil"]
[Result "1-0"]
[WhiteElo "2040"]
[BlackElo "1609"]
[PlyCount "123"]
[EventDate "2010.02.24"]
[EventType "swiss"]
[EventRounds "9"]
[EventCountry "ISL"]
[SourceTitle "CBM 135 Extra"]
[Source "ChessBase"]
[SourceDate "2010.05.04"]
[SourceVersion "1"]
[SourceVersionDate "2010.05.04"]
[SourceQuality "1"]

1. e4 c5 2. Nf3 d6 3. d4 cxd4 4. Nxd4 Nf6 5. Nc3 g6 6. Be2 Bg7 7. Be3 0-0 8. f3 Nc6 9. Qd2 Bd7 10. g4 a6 11. h4 Rc8 12. h5 Ne5 13. hxg6 fxg6 14. 0-0-0 Nc4 15. Bxc4+ Rxc4 16. e5 dxe5 17. Ne6 Bxe6 18. Qxd8 Rxd8 19. Rxd8+ Kf7 20. Rb8 b5 21. a3 h5 22. gxh5 gxh5 23. Rb6 Bc8 24. Rb8 h4 25. Kd2 h3 26. b3 Rc6 27. a4 Nh5 28. axb5 axb5 29. Ne4 Nf4 30. Rxb5 Rg6 31. Bxf4 Rg2+ 32. Kd1 exf4 33. Rg5 Bd4 34. Rh5 Kg6 35. R5xh3 Bxh3 36. Rxh3 Kf5 37. b4 Ke6 38. Rh5 Be3 39. c4 Rb2 40. Rb5 Kd7 41. Rd5+ Kc7 42. b5 Rb4 43. Nd2 Bxd2 44. Rc5+ Kd7 45. Kxd2 Rb3 46. Rd5+ Kc7 47. Rd3 Rb4 48. Kc3 Rb1 49. Kd4 Re1 50. c5 e5+ 51. Kd5 Re3 52. b6+ Kc8 53. Kc4 e4 54. fxe4 Rg3 55. c6 f3 56. c7 Rg8 57. Rxf3 Kb7 58. Rf6 Re8 59. Kd5 Ra8 60. Rd6 Ra5+ 61. Ke6 Ra8 62. Rd8 1-0

[Event "Akureyri-ch U14"]
[Site "Akureyri"]
[Date "2009.05.01"]
[Round "4"]
[White "Thorgeirsson, Jon Kristinn"]
[Black "Sigurdarson, Emil"]
[Result "0-1"]
[WhiteElo "1265"]
[BlackElo "1505"]
[PlyCount "97"]
[EventDate "2009.04.30"]
[EventType "swiss"]
[EventRounds "4"]
[EventCountry "ISL"]
[SourceTitle "EXT 2010"]
[Source "ChessBase"]
[SourceDate "2010.11.25"]
[SourceVersion "1"]
[SourceVersionDate "2010.11.25"]
[SourceQuality "1"]

1. e4 c5 2. c3 d6 3. d4 cxd4 4. cxd4 e6 5. Nc3 Nf6 6. Bg5 Be7 7. Bxf6 Bxf6 8. f4 Be7 9. Nf3 Nd7 10. Bd3 f6 11. 0-0 e5 12. fxe5 dxe5 13. d5 Qb6+ 14. Kh1 Qxb2 15. Nb5 0-0 16. d6 Bd8 17. Rc1 Qb4 18. a3 Qa5 19. Qb3+ Kh8 20. Nc7 Rb8 21. Bb5 a6 22. Bxd7 Bxd7 23. Ng5 h6 24. Nge6 Bxe6 25. Nxe6 Rg8 26. Rc5 Qb6 27. Qd5 Re8 28. Rc3 Qa5 29. d7 Rg8 30. Rc8 Qxd5 31. exd5 Ba5 32. d8Q Rxd8 33. Nxd8 Rxc8 34. Nxb7 Bb6 35. Nd6 Rc7 36. h3 Rd7 37. Nc4 Bd4 38. d6 Kg8 39. Kh2 Kf7 40. g4 Ke6 41. Rd1 Bc5 42. Kg3 Bxd6 43. Nb6 Rd8 44. Rc1 Bxa3 45. Rc6+ Rd6 46. Rxd6+ Bxd6 47. Kf3 f5 48. gxf5+ Kxf5 49. Nc4 0-1

[Event "Akureyri-ch U14"]
[Site "Akureyri"]
[Date "2009.04.30"]
[Round "2"]
[White "Sigurdarson, Emil"]
[Black "Sigurdsson, Birkir Karl"]
[Result "1/2-1/2"]
[WhiteElo "1505"]
[BlackElo "1355"]
[PlyCount "32"]
[EventDate "2009.04.30"]
[EventType "swiss"]
[EventRounds "4"]
[EventCountry "ISL"]
[SourceTitle "EXT 2010"]
[Source "ChessBase"]
[SourceDate "2010.11.25"]
[SourceVersion "1"]
[SourceVersionDate "2010.11.25"]
[SourceQuality "1"]

1. e4 Nc6 2. Nf3 e5 3. Bc4 Bc5 4. 0-0 Nf6 5. Nc3 d6 6. h3 0-0 7. d3 Bd7 8. Be3 Bxe3 9. fxe3 h6 10. d4 exd4 11. exd4 Re8 12. Re1 Na5 13. Bd3 Nc6 14. Re2 Nh5 15. Rf2 Nf4 16. Bc4 Na5 1/2-1/2